01676nam a2200265 a 450000100100000000500170001000800410002704000250006808200200009310000480011324500710016126000350023230000210026750000320028850000730032059000260039365000530041991000370047295201290050995201840063895201880082295201880101095201950119899900170139300001716420240229161930.0100319s1956 ag r 000 p spa d aDO-SdBNPbspacBNPHU aRD861.09bP438e1 aPérez, Carlos Federico,d1912-198492484910aEvolución de la poética dominicana /cCarlos Federico Pérez. aBuenos Aires :bPoblet,c1956. a270 p. ;c21 cm. aIncluye índice nominativo aIncluye referencias bibliográficas y notas al pie de las páginas aInventariado, 2019/BT 4aPoesía dominicanaxHistoria y crítica913072 aValidado. Control de calidad MFF 001050718RVaGRbGRcHDd2010-03-19iLF1l0oRD861.09 P438ep17164-10r2020-06-25w2020-06-25y1zDedicado.ZNo se presta 001050718RVaGRbGRcHDd2011-09-26iLF1l0oRD861.09 P438ep17164-20r2020-06-25te.2w2020-06-25y1zPerteneció a la biblioteca personal de Carlos Larrazabal.ZNo se presta 001054708RVaGRbGRcHDd2015-06-16iLF1l0oRD861.09 P438ep17164-30r2020-06-25te.3w2020-06-25y4zPerteneció a la biblioteca personal de Erick Landestoy.ZPréstamo en sala 001054708RVaGRbGRcHDd2019-06-19iLF1l0oRD861.09 P438ep17164-40r2020-06-25te.4w2020-06-25y4zPerteneció a la biblioteca personal de Martínez Boog.ZPréstamo en sala 001054708RVaGRbGRcHDd2019-08-21iLF1l0oRD861.09 P438ep17164-50r2020-06-25te.5w2020-06-25y4zPerteneció a la biblioteca personal de la familia Reyes Duluc.ZPréstamo en sala c16690d16690